000 00860cam a22002414a 4500
001 3576420
005 20180208031405.0
008 990525s2000 maua b 001 0 eng
010 _a 99032196
020 _a0070605807
040 _aDLC
_cDLC
_dDLC
041 _aeng
042 _apcc
080 _a305.231
082 0 0 _a305.231 DEH
_221
100 1 _a46
101 _aEDU
245 1 0 _aChild development :
_cGanie B. DeHart, L. Alan Sroufe, Robert G. Cooper.
504 _aIncludes bibliographical references (p. 559-588) and indexes.
906 _a7
_bcbc
_corignew
_d1
_eocip
_f19
_gy-gencatlg
942 _2ddc
_cBK
999 _c42050
_d42050